Understanding social problems

Αποθηκεύτηκε σε:
Λεπτομέρειες βιβλιογραφικής εγγραφής
Κύριος συγγραφέας: Mooney, Linda A.
Μορφή: Βιβλίο
Γλώσσα:Undetermined
Έκδοση: Belmont, CA Thomson Higher Education 2007
Θέματα:
Ετικέτες: Προσθήκη ετικέτας
Δεν υπάρχουν, Καταχωρήστε ετικέτα πρώτοι!
Thư viện lưu trữ: Trung tâm Học liệu Trường Đại học Cần Thơ
LEADER 00700nam a2200229Ia 4500
001 CTU_152540
008 210402s9999 xx 000 0 und d
020 |c 1765000 
082 |a 361.10973 
082 |b M818/5th 
100 |a Mooney, Linda A. 
245 0 |a Understanding social problems 
245 0 |c Linda A. Mooney, David Knox, Caroline Schacht 
260 |a Belmont, CA 
260 |b Thomson Higher Education 
260 |c 2007 
650 |a Social problems,Các vấn đề xã hội,Hoa Kỳ 
650 |x Điều kiện xã hội 
650 |y 1980 
650 |z United States,Hoa Kỳ 
904 |i Nguyên 
980 |a Trung tâm Học liệu Trường Đại học Cần Thơ